LEADER 01105nam a2200289 i 4500 001 991003440699707536 005 20021217151103.0 008 961025s1982 us a 011 0 eng d 020 $a0306408562 035 $ab11809449-39ule_inst 035 $aLE00300579$9ExL 040 $aDip.to Biologia$beng 082 0 $a581.3$222 245 00$aCellulose and other natural polymer systems :$bbiogenesis, structure, and degradation /$cedited by R. Malcolm Brown, Jr 260 $aNew York :$bPlenum Press,$cc1982 300 $axvii, 519 p., [4] p. of plates :$bill. ;$c26 cm 500 $aIncludes bibliographies and index 650 4$aBotanical chemistry 650 4$aCellulose 650 4$aPolymers and polymerization 700 1 $aBrown, Richard Malcolm 907 $a.b11809449$b25-10-06$c18-12-02 912 $a991003440699707536 945 $aLE003 581.3 BRO01.01 (1982)$g1$i2003000036732$lle003$o-$pE0.00$q-$rl$s- $t0$u0$v0$w0$x0$y.i1205818x$z18-12-02 996 $aCellulose and other natural polymer systems$9907665 997 $aUNISALENTO 998 $ale003$b01-01-96$cm$da $e-$feng$gus $h0$i1 LEADER 01619nas 2200397 n 450 001 990008885520403321 005 20240229084447.0 011 $a0001-6810 035 $a000888552 035 $aFED01000888552 035 $a(Aleph)000888552FED01 035 $a000888552 091 $2CNR$aP 00200148 100 $a20161109a19659999km-y0itaa50------ba 101 0 $adut 102 $aNL 110 $aauu-------- 200 1 $aActa politica$e(Meppel) 207 1$a1965- 210 $aMeppel$cBoom 326 $aTrimestrale 452 0$12001$aActa politica (Online) 530 0 $aActa politica 531 $aACTA POLIT.$bMEPPEL 675 $a32 712 02$aNederlandse Kring voor Wetenschappelijke Politiek 801 0$aIT$bACNP$c20090723 859 4 $uhttp://acnp.cib.unibo.it/cgi-ser/start/it/cnr/dc-p1.tcl?catno=966870&person=false&language=ITALIANO&libr=&libr_th=unina1$zBiblioteche che possiedono il periodico 901 $aSE 912 $a990008885520403321 958 $aBiblioteca Centralizzata della Facoltà di Sociologia dell'Università di Napoli "Federico II"$b1997;$c1997;$ePER. OL. 5$fBFS 959 $aBFS 996 $aActa politica$9802325 997 $aUNINA AP1 8 $6866-01$aNA078 Biblioteca Centralizzata della Facoltà di Sociologia dell'Università di Napoli "Federico II"$bPER. OL. 5$evico Monte della Pietà, 1, 80138 Napoli (NA)$m+39 081 2535850/1$m+39 081 2535833$nit AP2 40$aacnp.cib.unibo.it$nACNP Italian Union Catalogue of Serials$uhttp://acnp.cib.unibo.it/cgi-ser/start/it/cnr/df-p.tcl?catno=966870&language=ITALIANO&libr=&person=&B=1&libr_th=unina&proposto=NO